Religion and Culture In India Historical Perspective: (Record no. 190755)
[ view plain ]
| 000 -LEADER | |
|---|---|
| fixed length control field | 00638nam a22001697a 4500 |
| 005 - DATE AND TIME OF LATEST TRANSACTION | |
| control field | 20220804110000.0 |
| 010 ## - LCCN (DPL NO) | |
| LC control number | ENG-134255 |
| 020 ## - INTERNATIONAL STANDARD BOOK NUMBER | |
| Terms of availability | 600.00 |
| 035 ## - SYSTEM CONTROL NUMBER | |
| System control number | EN-117787 |
| 037 ## - SOURCE OF ACQUISITION | |
| Source of stock number/acquisition | DBAD/PUB |
| 082 ## - DEWEY DECIMAL CLASSIFICATION NUMBER | |
| Classification number | 306.60954 |
| 245 ## - TITLE STATEMENT | |
| Title | Religion and Culture In India Historical Perspective: |
| Remainder of title | Procedings Volume of the 45th Annual Conference At Tirpuati, 2008/ |
| Statement of responsibility, etc | Edited by Chittabrata Palit |
| 260 ## - PUBLICATION, DISTRIBUTION, ETC. (IMPRINT) | |
| Place of publication, distribution, etc | Kolkata |
| Name of publisher, distributor, etc | Director, Institute of Historical Studies |
| Date of publication, distribution, etc | 2010 |
| 270 ## - ADDRESS | |
| Address | Puja Apartment, 1st floor, Flat No. 1C, 8/1, Loudon Street |
| City | Kolkata |
| Postal code | 700017 |
| 300 ## - PHYSICAL DESCRIPTION | |
| Extent | 341p. |
| Dimensions | 22cm(hb) |
| 942 ## - ADDED ENTRY ELEMENTS (KOHA) | |
| Source of classification or shelving scheme | Dewey Decimal Classification |
| Item type | English Books |
| Classification part | 306.60954 |
| Call number suffix | REL |
| Withdrawn status | Lost status | Not for loan | Collection code | Home library | Current library | Date acquired | Source of acquisition | Cost, normal purchase price | Full call number | Barcode | Copy number | Cost, replacement price | Koha item type |
|---|---|---|---|---|---|---|---|---|---|---|---|---|---|
| Non-fiction | Bawana | Bawana | 04/08/2022 | DBAD/PUB | 600.00 | 306.60954 REL | EN-117787 | 1 | 600.00 | English Books |
